Shakespeare- Lt Primns Edit By John Richard (Record no. 2124)

MARC details
000 -LEADER
fixed length control field 00416nam a2200133Ia 4500
008 - FIXED-LENGTH DATA ELEMENTS--GENERAL INFORMATION
fixed length control field 211109s9999||||xx |||||||||||||| ||und||
082 ## - DEWEY DECIMAL CLASSIFICATION NUMBER
Classification number 822.33
Item number DOW-S
100 ## - MAIN ENTRY--PERSONAL NAME
Personal name Dowden, Edward,
245 #0 - TITLE STATEMENT
Title Shakespeare- Lt Primns Edit By John Richard
260 ## - PUBLICATION, DISTRIBUTION, ETC.
Name of publisher, distributor, etc. Macmillan and Co., Limited
Place of publication, distribution, etc. Kingston
Date of publication, distribution, etc. 1922
630 ## - SUBJECT ADDED ENTRY--UNIFORM TITLE
General subdivision General Stack
650 ## - SUBJECT ADDED ENTRY--TOPICAL TERM
Topical term or geographic name entry element English & Old English literatures
942 ## - ADDED ENTRY ELEMENTS (KOHA)
Koha item type BOOK
650 ## - SUBJECT ADDED ENTRY--TOPICAL TERM
Form subdivision English Drama
General subdivision Literature
Holdings
Withdrawn status Lost status Damaged status Not for loan Home library Current library Date acquired Total Checkouts Full call number Barcode Shelving location Date last seen Price effective from Koha item type
        SB LIBRARY SB LIBRARY 09/11/2021   822.33 DOW-S 00002295 GENERAL STACK 09/11/2021 09/11/2021 BOOK

Powered by Koha